[Event "SC-2021-0-00412"]
[Site "LSS email"]
[Date "2021.10.23"]
[Round "?"]
[White "Laduke, Matt"]
[Black "Starace, Rodolfo"]
[Result "1-0"]
[WhiteElo "1628"]
[BlackElo "1708"]
[PlyCount "29"]
[EventDate "2021.07.18"]
[EventType "tourn (corr)"]
[EventRounds "6"]
[EventCountry "GER"]
[SourceTitle "Corr 2024"]
[Source "ChessBase"]
[SourceDate "2023.10.19"]
[SourceVersion "1"]
[SourceVersionDate "2023.10.19"]
[SourceQuality "1"]

1. e4 c5 2. Nf3 e6 3. d4 cxd4 4. Nxd4 Nc6 5. Nc3 Nf6 6. Nxc6 bxc6 7. e5 Nd5 8. Ne4 Qc7 9. f4 Qb6 10. c4 Bb4+ 11. Ke2 f5 12. Nf2 Ba6 13. Kf3 Ne7 14. Be3 Qa5 15. a3 1-0

[Event "SC-2021-0-00412"]
[Site "LSS email"]
[Date "2021.10.21"]
[Round "?"]
[White "Starace, Rodolfo"]
[Black "Baltar, Antoni"]
[Result "0-1"]
[WhiteElo "1708"]
[BlackElo "1765"]
[PlyCount "44"]
[EventDate "2021.07.18"]
[EventType "tourn (corr)"]
[EventRounds "6"]
[EventCountry "GER"]
[SourceTitle "Corr 2024"]
[Source "ChessBase"]
[SourceDate "2023.10.19"]
[SourceVersion "1"]
[SourceVersionDate "2023.10.19"]
[SourceQuality "1"]

1. e4 e5 2. Nf3 Nc6 3. Bb5 f5 4. d3 fxe4 5. dxe4 Nf6 6. 0-0 Bc5 7. Bxc6 bxc6 8. Nxe5 0-0 9. Nc3 d6 10. Na4 Qe8 11. Nd3 Bg4 12. Qe1 Bd4 13. c3 Bb6 14. h3 Bh5 15. Nxb6 axb6 16. f3 Bf7 17. a3 Bc4 18. Qe3 d5 19. e5 Nd7 20. Bd2 Bxd3 21. Qxd3 Nxe5 22. Qc4 Nxc4 0-1

[Event "SC-2021-0-00412"]
[Site "LSS email"]
[Date "2021.10.21"]
[Round "?"]
[White "Tarmak, Mart"]
[Black "Starace, Rodolfo"]
[Result "1-0"]
[WhiteElo "1654"]
[BlackElo "1708"]
[PlyCount "28"]
[EventDate "2021.07.18"]
[EventType "tourn (corr)"]
[EventRounds "6"]
[EventCountry "GER"]
[SourceTitle "Corr 2024"]
[Source "ChessBase"]
[SourceDate "2023.10.19"]
[SourceVersion "1"]
[SourceVersionDate "2023.10.19"]
[SourceQuality "1"]

1. e4 c5 2. Nf3 e6 3. c3 Nf6 4. e5 Nd5 5. Bc4 d6 6. d4 Be7 7. 0-0 0-0 8. Bxd5 exd5 9. exd6 Bxd6 10. dxc5 Bxc5 11. Re1 Qb6 12. Qc2 Nc6 13. Be3 Bxe3 14. Rxe3 Bf5 1-0

[Event "LSS RC-2021-0-00252"]
[Site "LSS email"]
[Date "2021.03.13"]
[Round "?"]
[White "Starace, Rodolfo"]
[Black "Langheld, Werner"]
[Result "1/2-1/2"]
[WhiteElo "1692"]
[BlackElo "1601"]
[PlyCount "40"]
[EventDate "2020.10.20"]
[EventType "tourn (corr)"]
[EventRounds "6"]
[EventCountry "GER"]
[SourceTitle "Corr 2024"]
[Source "ChessBase"]
[SourceDate "2023.10.19"]
[SourceVersion "1"]
[SourceVersionDate "2023.10.19"]
[SourceQuality "1"]

1. d4 Nf6 2. c4 b6 3. Nf3 Bb7 4. Nc3 e6 5. a3 d5 6. Bg5 Be7 7. cxd5 Nxd5 8. Bxe7 Qxe7 9. Nxd5 Bxd5 10. e3 0-0 11. Rc1 Rc8 12. Be2 a5 13. 0-0 Nd7 14. Bc4 Bxc4 15. Rxc4 c5 16. Qc2 b5 17. Rc3 c4 18. a4 bxa4 19. Rxc4 Rxc4 20. Qxc4 Qb4 1/2-1/2

[Event "LSS No Engine Cup 207 Preliminary 0"]
[Site "LSS email"]
[Date "2020.09.16"]
[Round "?"]
[White "Korchut, Adam"]
[Black "Starace, Rodolfo"]
[Result "1-0"]
[WhiteElo "1931"]
[BlackElo "1600"]
[PlyCount "47"]
[EventDate "2020.09.16"]
[EventType "tourn (corr)"]
[EventRounds "6"]
[EventCountry "GER"]
[SourceTitle "Corr 2022"]
[Source "ChessBase"]
[SourceDate "2021.10.24"]
[SourceVersion "1"]
[SourceVersionDate "2021.10.24"]
[SourceQuality "1"]

1. e4 c5 2. Nf3 d6 3. d4 cxd4 4. Nxd4 Nf6 5. Nc3 a6 6. Bg5 e6 7. f4 h6 8. Bh4 Qb6 9. a3 Be7 10. Bf2 Qc7 11. Qf3 b5 12. Be2 Bb7 13. f5 e5 14. Nb3 Nbd7 15. 0-0 0-0 16. Rfd1 Nh7 17. Qe3 Bg5 18. Qd3 Be7 19. a4 b4 20. Nd5 Bxd5 21. exd5 Nhf6 22. a5 Rac8 23. Qxa6 Qxc2 24. Rac1 1-0

[Event "RC-2020-0-00244"]
[Site "LSS email"]
[Date "2020.08.05"]
[Round "?"]
[White "Starace, Rodolfo"]
[Black "Laczay, Istvan"]
[Result "1/2-1/2"]
[WhiteElo "1690"]
[BlackElo "1665"]
[PlyCount "59"]
[EventDate "2020.03.22"]
[EventType "tourn (corr)"]
[EventRounds "6"]
[EventCountry "GER"]
[SourceTitle "Corr 2022"]
[Source "ChessBase"]
[SourceDate "2021.10.24"]
[SourceVersion "1"]
[SourceVersionDate "2021.10.24"]
[SourceQuality "1"]

1. e4 c5 2. Nf3 d6 3. d4 cxd4 4. Nxd4 Nf6 5. Nc3 a6 6. Be2 e5 7. Nb3 Be7 8. 0-0 0-0 9. Be3 Be6 10. Qd3 Nc6 11. a3 Nd7 12. Nd5 Rc8 13. Qd2 h6 14. Rfd1 Bg5 15. Bxg5 Qxg5 16. Qxg5 hxg5 17. Rd2 Rfe8 18. f3 Nd4 19. Nxd4 exd4 20. Nb4 Ne5 21. Rxd4 a5 22. Bb5 axb4 23. Bxe8 bxa3 24. Rxa3 Rxe8 25. Rc3 Rd8 26. Rc7 b6 27. b3 Kh7 28. Rd2 Bc8 29. Re7 f6 30. Ra7 1/2-1/2

[Event "RC-2020-0-00244"]
[Site "LSS email"]
[Date "2020.07.29"]
[Round "?"]
[White "Starace, Rodolfo"]
[Black "Cruz Ramirez, Eliecer"]
[Result "1/2-1/2"]
[WhiteElo "1690"]
[BlackElo "1758"]
[PlyCount "40"]
[EventDate "2020.03.22"]
[EventType "tourn (corr)"]
[EventRounds "6"]
[EventCountry "GER"]
[SourceTitle "Corr 2022"]
[Source "ChessBase"]
[SourceDate "2021.10.24"]
[SourceVersion "1"]
[SourceVersionDate "2021.10.24"]
[SourceQuality "1"]

1. e4 c5 2. Nf3 d6 3. d4 cxd4 4. Nxd4 Nf6 5. Nc3 a6 6. Be3 e5 7. Nb3 Be7 8. f3 Be6 9. Qd2 0-0 10. 0-0-0 Nbd7 11. g4 b5 12. g5 b4 13. Ne2 Ne8 14. f4 a5 15. f5 a4 16. Nbd4 exd4 17. Nxd4 b3 18. Kb1 bxc2+ 19. Nxc2 Bb3 20. axb3 axb3 1/2-1/2

[Event "SC-2019-0-00372"]
[Site "LSS email"]
[Date "2019.06.08"]
[Round "?"]
[White "Starace, Rodolfo"]
[Black "Sandocal, Uzmir"]
[Result "1/2-1/2"]
[WhiteElo "1687"]
[BlackElo "1879"]
[PlyCount "56"]
[EventDate "2019.02.26"]
[EventType "tourn (corr)"]
[EventRounds "6"]
[EventCountry "GER"]
[SourceTitle "Corr 2022"]
[Source "ChessBase"]
[SourceDate "2021.10.24"]
[SourceVersion "1"]
[SourceVersionDate "2021.10.24"]
[SourceQuality "1"]

1. e4 e5 2. Nf3 Nc6 3. Bb5 Nf6 4. 0-0 Nxe4 5. d4 a6 6. Ba4 b5 7. Bb3 d5 8. dxe5 Be6 9. c3 Bc5 10. Nbd2 0-0 11. Bc2 Nxf2 12. Rxf2 Bxf2+ 13. Kxf2 f6 14. exf6 Qxf6 15. Kg1 Rae8 16. Qf1 Bf5 17. Bb3 Ne5 18. Nxe5 Rxe5 19. Nf3 Be4 20. Bd1 Qb6+ 21. Kh1 g5 22. Qe1 Bxf3 23. Qxe5 Bxg2+ 24. Kxg2 Qf2+ 25. Kh3 Qh4+ 26. Kg2 Qf2+ 27. Kh3 Qh4+ 28. Kg2 Qf2+ 1/2-1/2

[Event "SC-2016-0-00303"]
[Site "LSS email"]
[Date "2016.10.07"]
[Round "?"]
[White "Trani, Francesco"]
[Black "Starace, Rodolfo"]
[Result "1-0"]
[WhiteElo "1729"]
[BlackElo "1720"]
[PlyCount "51"]
[EventDate "2016.08.12"]
[EventType "tourn (corr)"]
[EventRounds "6"]
[EventCountry "GER"]
[SourceTitle "Corr 2022"]
[Source "ChessBase"]
[SourceDate "2021.10.24"]
[SourceVersion "1"]
[SourceVersionDate "2021.10.24"]
[SourceQuality "1"]

1. e4 c5 2. Nf3 d6 3. d4 cxd4 4. Nxd4 Nf6 5. Nc3 a6 6. a4 Nc6 7. Be2 e6 8. Be3 Be7 9. 0-0 0-0 10. f4 Qc7 11. Kh1 Re8 12. Qe1 Nxd4 13. Bxd4 e5 14. fxe5 dxe5 15. Qg3 Bd8 16. Be3 Be6 17. Bh6 g6 18. Rad1 Be7 19. Bg5 Kg7 20. Rf2 Rad8 21. Rdf1 Nd7 22. Nd5 Bxd5 23. Bh6+ Kxh6 24. Rxf7 Bxf7 25. Rxf7 Qb6 26. Qh3+ 1-0

[Event "OP-2010-0-01331"]
[Site "LSS email"]
[Date "2010.12.04"]
[Round "?"]
[White "Starace, Rodolfo"]
[Black "Novak, Tibor"]
[Result "0-1"]
[WhiteElo "1667"]
[BlackElo "574"]
[PlyCount "28"]
[EventDate "2010.11.29"]
[EventType "tourn (corr)"]
[EventRounds "4"]
[EventCountry "GER"]
[SourceTitle "Corr 2015"]
[Source "ChessBase"]
[SourceDate "2015.07.17"]
[SourceVersion "1"]
[SourceVersionDate "2015.07.17"]
[SourceQuality "1"]

1. e4 e5 2. Nf3 Nf6 3. d4 exd4 4. e5 Qe7 5. Be2 Ne4 6. Qxd4 Qb4+ 7. Nbd2 Qxd4 8. Nxd4 c5 9. Nb5 Nxd2 10. Nc7+ Kd8 11. Nxa8 Ne4 12. f3 Nd6 13. exd6 b6 14. Bf4 Bb7 0-1

[Event "LSS CP-2008-P-00033"]
[Site "LSS email"]
[Date "2008.10.01"]
[Round "?"]
[White "Albesa, Alfredo Ricardo"]
[Black "Starace, Rodolfo"]
[Result "1/2-1/2"]
[WhiteElo "774"]
[BlackElo "1739"]
[PlyCount "76"]
[EventDate "2008.10.01"]
[EventType "tourn (corr)"]
[EventRounds "6"]
[EventCountry "GER"]
[SourceTitle "Corr 2011"]
[Source "ChessBase"]
[SourceDate "2010.08.31"]
[SourceVersion "1"]
[SourceVersionDate "2010.08.31"]
[SourceQuality "1"]

1. e4 c5 2. Nf3 d6 3. d4 cxd4 4. Nxd4 Nf6 5. Nc3 g6 6. Be3 Bg7 7. f3 Nc6 8. Qd2 0-0 9. Bc4 Bd7 10. 0-0-0 Rc8 11. Bb3 Na5 12. h4 b5 13. Ndxb5 Nh5 14. Bd4 Nxb3+ 15. axb3 Qa5 16. Na3 Bxd4 17. Qxd4 Ng3 18. Rhe1 Be6 19. Kb1 Rfe8 20. Nd5 Bxd5 21. Qxd5 Qb6 22. Nc4 Qf2 23. Qd2 Qxd2 24. Rxd2 Rc5 25. e5 d5 26. Ne3 e6 27. Rd4 Kg7 28. Rg4 d4 29. Rxd4 Rxe5 30. Kc1 Rc8 31. Rd7 Kf8 32. Rxa7 Nf5 33. Nxf5 Rxe1+ 34. Kd2 Rh1 35. Nh6 Rxh4 36. Rxf7+ Ke8 37. Rxh7 Rc5 38. Rh8+ Kd7 1/2-1/2

[Event "LSS CP-2008-P-00033"]
[Site "LSS email"]
[Date "2008.10.01"]
[Round "?"]
[White "Starace, Rodolfo"]
[Black "Bendig, Frank"]
[Result "0-1"]
[WhiteElo "1738"]
[BlackElo "2289"]
[PlyCount "74"]
[EventDate "2008.10.01"]
[EventType "tourn (corr)"]
[EventRounds "6"]
[EventCountry "GER"]
[SourceTitle "Corr 2011"]
[Source "ChessBase"]
[SourceDate "2010.08.31"]
[SourceVersion "1"]
[SourceVersionDate "2010.08.31"]
[SourceQuality "1"]

1. e4 Nf6 2. e5 Nd5 3. d4 d6 4. Nf3 Bg4 5. Be2 e6 6. 0-0 Be7 7. c4 Nb6 8. exd6 cxd6 9. Nc3 0-0 10. Be3 d5 11. cxd5 Nxd5 12. Qb3 Nc6 13. Qxb7 Na5 14. Qa6 Nb4 15. Qb5 Nc2 16. Rac1 Rb8 17. Qd3 Bf5 18. Qd2 Rxb2 19. g4 Bg6 20. Ne5 Nxe3 21. Qxe3 Bg5 22. f4 Be7 23. Bd3 Bxd3 24. Qxd3 f6 25. Nf3 Qd7 26. f5 exf5 27. Qxf5 Qxf5 28. gxf5 Ba3 29. Rb1 Nc4 30. Nb5 Rxa2 31. Ra1 Rxa1 32. Rxa1 Bb2 33. Rxa7 Rb8 34. Nc7 Nd2 35. Kf2 Nxf3 36. Kxf3 Bxd4 37. Ra4 Be5 0-1

[Event "LSS CP-2008-P-00033"]
[Site "LSS email"]
[Date "2008.10.01"]
[Round "?"]
[White "Starace, Rodolfo"]
[Black "Cofer, David"]
[Result "1/2-1/2"]
[WhiteElo "1748"]
[BlackElo "1398"]
[PlyCount "50"]
[EventDate "2008.10.01"]
[EventType "tourn (corr)"]
[EventRounds "6"]
[EventCountry "GER"]
[SourceTitle "Corr 2013"]
[Source "ChessBase"]
[SourceDate "2012.11.12"]
[SourceVersion "1"]
[SourceVersionDate "2012.11.12"]
[SourceQuality "1"]
[WhiteTeam "US of America"]
[BlackTeam "US of America"]
[WhiteTeamCountry "USA"]
[BlackTeamCountry "USA"]

1. d4 d5 2. c4 e6 3. Nc3 Nf6 4. Nf3 Be7 5. Bg5 0-0 6. e3 h6 7. Bh4 Nbd7 8. Rc1 a6 9. cxd5 exd5 10. Bd3 Re8 11. 0-0 c6 12. Bg3 Bb4 13. a3 Be7 14. Qc2 Nb6 15. Ne2 Nh5 16. Be5 Bg4 17. Nd2 f6 18. h3 fxe5 19. hxg4 Nf6 20. dxe5 Nxg4 21. Nf3 Nd7 22. e6 Nde5 23. Nxe5 Nxe5 24. Bh7+ Kh8 25. Bf5 Rf8 1/2-1/2

[Event "LSS RC-2008-0-00005"]
[Site "LSS email"]
[Date "2008.03.12"]
[Round "?"]
[White "Starace, Rodolfo"]
[Black "Baumann, Arend"]
[Result "1-0"]
[WhiteElo "1782"]
[BlackElo "1725"]
[PlyCount "53"]
[EventDate "2008.02.06"]
[EventType "tourn (corr)"]
[EventRounds "6"]
[EventCountry "GER"]
[SourceTitle "Corr 2011"]
[Source "ChessBase"]
[SourceDate "2010.08.31"]
[SourceVersion "1"]
[SourceVersionDate "2010.08.31"]
[SourceQuality "1"]

1. e4 e6 2. d4 d5 3. exd5 exd5 4. Nc3 Nf6 5. Nf3 c6 6. Bd3 Bd6 7. 0-0 0-0 8. Bg5 Nbd7 9. Qd2 Re8 10. Rfe1 Rxe1+ 11. Rxe1 Nf8 12. Ne5 Ne6 13. Bh4 Be7 14. Qe3 Nh5 15. Bxe7 Qxe7 16. Bf5 Nf6 17. Ne2 Qd8 18. c3 Nf8 19. Bd3 Qd6 20. Ng3 Bd7 21. Qf3 Re8 22. Re3 a6 23. Nh5 Re6 24. Bf5 Re7 25. Nxf6+ Qxf6 26. Nxd7 Nxd7 27. Bxd7 1-0

[Event "LSS CP-2007-P-00025"]
[Site "LSS email"]
[Date "2007.10.01"]
[Round "?"]
[White "Leonard, Mark"]
[Black "Starace, Rodolfo"]
[Result "1-0"]
[WhiteElo "2040"]
[BlackElo "1683"]
[PlyCount "29"]
[EventDate "2007.10.01"]
[EventType "tourn (corr)"]
[EventRounds "6"]
[EventCountry "GER"]
[SourceTitle "Corr 2015"]
[Source "ChessBase"]
[SourceDate "2015.07.17"]
[SourceVersion "1"]
[SourceVersionDate "2015.07.17"]
[SourceQuality "1"]

1. e4 c5 2. Nc3 Nc6 3. Nge2 e6 4. g3 Nf6 5. Bg2 d6 6. 0-0 Be7 7. d3 0-0 8. h3 Bd7 9. g4 h6 10. f4 Rc8 11. Ng3 a6 12. Be3 Nh7 13. Qd2 b5 14. Nce2 Bh4 15. e5 1-0